000 01123nam a2200289 4500
001 0000023586
003 CO-CtgCURN
005 20250331184429.0
007 ta
008 160627s2008 000 0 eng d
020 _a9586537391
040 _aCO-CtgCURN
_bspa
_ccoctgcurn
082 0 _a343.0526
_bR636
100 1 _aRohatgi, Roy.
245 1 0 _aPrincipios basicos de tributacion internacional /
_cRoy Rohatgi, traducción de Juan Manuel Idrovo.
260 _aBogotá :
_bLegis,
_c2008.
300 _a699 p.
336 _2rdacontent
337 _2rdamedia
_asin mediacion
_bn
338 _2rdacarrier
_avolumen
_bnc
505 8 _aUna vision general de la tributacion internacional.--Principios de derecho tributario internacional.--Modelos de convenciones para evitar la doble tributacion.--Impactos de los sistemas tributarios internos.--Glosario de terminos de tributacion internacional
650 1 4 _aImpuestos sobre las rentas.
700 1 _aIdrovo, Juan Manuel.
908 _a160627
942 _cBK
_h343.0526
_iR636
_2ddc
999 _c19407
_d19407